| 000 | 00513cam a22001577a 4500 | ||
|---|---|---|---|
| 008 | 180718b1972 xxu||||| |||| 00| 0 eng d | ||
| 082 | _aB5x73 J232 | ||
| 100 | _aJames, Dorothy Buckton | ||
| 245 |
_aOutside looking in: critiques of American policies and institutions left and right _cby Dorothy Buckton James |
||
| 260 |
_aNew York _bHarper _c1972 |
||
| 300 | _a439p. | ||
| 440 | _aPaper | ||
| 500 | _a$4.25 | ||
| 650 | _aUnited States --Politics and government. | ||
| 650 | _aRight and left (Political science) | ||
| 999 |
_c347055 _d347055 |
||